Países mais próximos do Togo - Statistics

Estatísticas Gerais
  • Esse quiz foi jogado 81 vezes
  • A pontuação média é 17 de 20
Estatísticas das Respostas
km país % Correto
1359 Chade
92%
1355 Congo
92%
0 Benim
90%
0 Gana
90%
757 Mauritânia
90%
0 Burkina Faso
89%
191 Níger
89%
875 Guiné
87%
101 Nigéria
87%
319 Côte d'Ivoire
86%
1160 Serra Leoa
86%
763 Camarões
84%
393 Mali
84%
1395 República Centro-Africana
83%
925 Argélia
81%
801 Guiné Equatorial
79%
1231 Senegal
78%
1044 Gabão
76%
886 Libéria
76%
803 São Tomé e Príncipe
76%
Nenhum quiz correspondente encontrado
Distribuição das Pontuações
Porcentagem de Pessoas com Cada Pontuação
Percentil de Números Respondidos
Sua Pontuação Histórica
Você não jogou esse quiz